ბათუმის შოთა რუსთაველის სახელმწიფო უნივერსიტეტის ბიბლიოთეკა

Сборник статей к 8 международному конгрессу почвоведов (ბიბ.ჩანაწერი № 46339)

000 -LEADER
fixed length control field 00677nam a2200205Ia 4500
001 - CONTROL NUMBER
control field 13175
003 - CONTROL NUMBER IDENTIFIER
control field GE_BSU
008 - FIXED-LENGTH DATA ELEMENTS--GENERAL INFORMATION
fixed length control field 181216s||||||||xx |||||||||||||| ||und||
040 ## - CATALOGING SOURCE
Transcribing agency GE_BSU
080 ## - UNIVERSAL DECIMAL CLASSIFICATION NUMBER
Universal Decimal Classification number 631.4
245 ## - TITLE STATEMENT
Title Сборник статей к 8 международному конгрессу почвоведов
245 ## - TITLE STATEMENT
Statement of responsibility, etc. Ред.колл.Дараселия М.К.
260 ## - PUBLICATION, DISTRIBUTION, ETC.
Place of publication, distribution, etc. Тбилиси
260 ## - PUBLICATION, DISTRIBUTION, ETC.
Name of publisher, distributor, etc. Мецниереба
260 ## - PUBLICATION, DISTRIBUTION, ETC.
Date of publication, distribution, etc. 1964
300 ## - PHYSICAL DESCRIPTION
Extent 277стр.илл.27см.
300 ## - PHYSICAL DESCRIPTION
Dimensions Библиогр.с.276-277
653 ## - INDEX TERM--UNCONTROLLED
Uncontrolled term Сборник статей к 8 международному конгрессу почвоведов
942 ## - ADDED ENTRY ELEMENTS (KOHA)
Koha item type წიგნი
ეგზემპლარები
Withdrawn status Lost status Damaged status Not for loan Date acquired Barcode Date last seen Price effective from Koha item type
        2018-12-17 21051 2018-12-17 2018-12-17 წიგნი
        2018-12-17 21052 2018-12-17 2018-12-17 წიგნი
        2018-12-17 21053 2018-12-17 2018-12-17 წიგნი